Kritéria výběru sadebního materiálu borovice lesní pro stanoviště ohrožovaná suchem : certifikovaná metodika /

Hlavní autor: Nárovcová, Jarmila, 1962-
Další autoři: Nárovec, Václav, 1960-
Jazyk: Čeština
Vydáno: Strnady : Výzkumný ústav lesního hospodářství a myslivosti, 2012
Vydání: 1. vyd.
Edice: Lesnický průvodce
Témata:
Fyzický popis: 36 s. : il. ; 21 cm
Language note: Anglická resumé
Knihy
Uloženo v:
LEADER 01608nam a2200445 a 4500
001 nkc20132445486
003 CZ PrNK
005 20251121113119.0
007 ta
008 130306s2012 xr a e f 000 0 cze
015 |a cnb002445486 
020 |a 978-80-7417-061-4  |q (brož.) 
035 |a (OCoLC)837504864 
040 |a OLA001  |b cze 
041 0 |a cze  |b eng 
072 7 |a 630  |x Lesnictví  |2 Konspekt  |9 24 
080 |a 582.475.1  |2 MRF 
080 |a 630.232  |2 MRF 
080 |a (083.744)  |2 MRF 
100 1 |a Nárovcová, Jarmila,  |d 1962-  |7 pna2006352751  |4 aut 
245 1 0 |a Kritéria výběru sadebního materiálu borovice lesní pro stanoviště ohrožovaná suchem :  |b certifikovaná metodika /  |c Jarmila Nárovcová, Václav Nárovec 
250 |a 1. vyd. 
260 |a Strnady :  |b Výzkumný ústav lesního hospodářství a myslivosti,  |c 2012 
300 |a 36 s. :  |b il. ;  |c 21 cm 
490 1 |a Lesnický průvodce,  |x 0862-7657 ;  |v 6/2012 
504 |a Obsahuje bibliografii 
546 |a Anglická resumé 
650 0 7 |a borovice lesní  |7 ph202627  |2 czenas 
650 0 7 |a sazenice lesních stromů  |7 ph163058  |2 czenas 
650 0 9 |a Scots pine  |2 eczenas 
650 0 9 |a forest tree seedlings  |2 eczenas 
655 7 |a certifikované metodiky  |7 fd806827  |2 czenas 
655 9 |a certified methodology  |2 eczenas 
700 1 |a Nárovec, Václav,  |d 1960-  |7 jo20000076856  |4 aut 
830 0 |a Lesnický průvodce  |0 s 
910 2 |a BOA001  |b 2-1304.028 
990 |a BK 
995 |a 01 
991 |b 201304  |c NOV  |e n 
996 6 |b 2610545002  |c 2-1304.028  |l MZK  |r Sklad / do 1 hodiny  |n 0  |p p.v.  |w 001322315  |u 000010  |a 1  |e BOA001  |j MZK50  |s P